000 00435nam a2200145 i 4500
001 44706
003 ES-MaACL
007 t|
008 030324s1857 fr ||||1| fre d
100 1 _aClaudel, J.
_939084
245 1 0 _aIntroduction théorique et practique a la science de l'ingénieur /
_cJ. Claudel.
260 _aParis :
_b[s.n.,
_c1857] (
_fImp. E. Thunot et Cie.)
300 _aXIV, 611 p. ;
_c22 cm.
852 _aES-MaACL
_jG-11864
999 _c44706
_d44706